| 000 | 00612cam a2200229 4500 | ||
|---|---|---|---|
| 008 | 090401t1996 xxu||||| |||| 00| 0 eng d | ||
| 020 | _a075062969X | ||
| 035 | _a(Sirsi) u14567 | ||
| 041 | _aeng | ||
| 050 | _a692.5 | ||
| 110 |
_aTweeds _92990 |
||
| 245 | _aLaxton`s industrial premises price book: 1996-97 | ||
| 260 |
_aOxford _bLaxton`s _c1996 |
||
| 300 | _axiii, 209p. ; 24cm. | ||
| 350 | _a40 | ||
| 650 | _aBUILT ENVIRONMENT-BUILDING COSTS | ||
| 650 | _aINDUSTRIAL PROPERTY | ||
| 650 | _aBUILDING PRICE BOOKS | ||
| 690 | _aBUILT ENVIRONMENT-BUILDING COSTS | ||
| 942 | _n0 | ||
| 948 | _c04/03/1997 | ||
| 999 |
_c87192 _d87192 |
||